00965nam a2200313 u 450000100070000000500170000700800410002402000150006503500110008003500210009104000130011204100080012508200080013310000390014124500210018025000180020126000530021930000230027265000380029565000400033365000400037365000350041365000310044865000340047965000310051365000350054465100290057970000430060890292120260506154132.0041206s2003 spa  a9589308910 a902921 a(OCoLC)777889244 ccomduadb aspa 4a98610aIriarte, Helena, d1937-4auteaut10aEsta es Colombia a2. ed. reimp. aSantafé de Bogotá :bEdiciones Gamma,c2003. a360 p. : il., col. aColombia - Descripciones y viajes aAltiplano Cundiboyacense (Colombia) 7aBogotá (Colombia)xHistoria2lemb aBoyacá (Colombia) - Historia aCaribe (region) - Historia aCiudades y pueblos - Colombia aRegión Andina (Colombia) aRegion del Pacifico (Colombia) 7aColombiaxHistoria2lemb10aRodriguez Betancur, Bernarda4edteedt